Power tools for pros (Record no. 79982)
[ view plain ]
| 000 -LEADER | |
|---|---|
| fixed length control field | 01049cab a22001935a 4500 |
| 001 - CONTROL NUMBER | |
| control field | L142943 |
| 008 - FIXED-LENGTH DATA ELEMENTS--GENERAL INFORMATION | |
| fixed length control field | 080325s2008 xxk f 000 0 eng d |
| 035 ## - SYSTEM CONTROL NUMBER | |
| System control number | (Sirsi) u142943 |
| 041 0# - LANGUAGE CODE | |
| Language code of text/sound track or separate title | eng |
| 100 1# - MAIN ENTRY--PERSONAL NAME | |
| Personal name | Hibberd, Georgina |
| 245 00 - TITLE STATEMENT | |
| Title | Power tools for pros |
| 260 ## - PUBLICATION, DISTRIBUTION, ETC. | |
| Date of publication, distribution, etc. | 2008 |
| 490 #0 - SERIES STATEMENT | |
| Series statement | RICS Business |
| Volume/sequential designation | March 2008, 22-23(2) |
| 520 ## - SUMMARY, ETC. | |
| Summary, etc. | Investigates the growing use of Automated Valuation Models (AVMs) and Computer Aided Mass Appraisal (CAMA) systems. AVMs are most commonly used for assessments for lending purposes, although lenders are now using them to risk assess manual valuations, and models have been developed for repossessions and the buy-to-let mortgage market. Other uses of AVM and CAMA technology include disaster recovery, compulsory purchase and compensation, and eventually commercial valuations. However, argues that AVM technology is not likely to replace the skilled work of surveyors and valuers. |
| 590 ## - LOCAL NOTE (RLIN) | |
| Local note | KA |
| 651 #4 - SUBJECT ADDED ENTRY--GEOGRAPHIC NAME | |
| Geographic name | International |
| 690 ## - LOCAL SUBJECT ADDED ENTRY--TOPICAL TERM (OCLC, RLIN) | |
| Topical term or geographic name as entry element | PROPERTY-PROPERTY APPRAISAL AND VALUATION |
| 942 ## - ADDED ENTRY ELEMENTS (KOHA) | |
| Suppress in OPAC | 0 |
| Withdrawn status | Lost status | Source of classification or shelving scheme | Damaged status | Not for loan | Home library | Current library | Shelving location | Date acquired | Total Checkouts | Full call number | Barcode | Date last seen | Copy number | Price effective from | Koha item type |
|---|---|---|---|---|---|---|---|---|---|---|---|---|---|---|---|
| Dewey Decimal Classification | London | London | Journal article | 25/03/2008 | L142943 | 142943-1001 | 06/08/2019 | 1 | 06/08/2019 | Journal article |